Temas actuales de derecho de la empresa

Bibliographic Details
Main Author: Otero Lastres, Jos ̌Manuel
Other Authors: Rojas Leo, Juan F., Ramr̕ez Otero, Lorena
Format: eBook
Language:Spanish
Published: Lima: Palestra Editores, 2006
Subjects:
Online Access:Acceso restringido

MARC

LEADER 00000nam a22000007a 4500
005 20190827222151.0
007 cr|||| ||||
008 190827s2006 pe |||||s|||| 00||0 spa d
020 |a 9972-224-11-2 
035 |a 24219 
040 |a vLex 
090 |c 9295  |d 9295 
100 1 |a Otero Lastres, Jos ̌Manuel 
245 1 0 |a Temas actuales de derecho de la empresa  |h [Recurso electrn̤ico] /  |c Jos ̌Manuel Otero Lastres, Juan F. Rojas Leo, Lorena Ramr̕ez Otero 
256 |a Servicio en ln̕ea 
260 |a Lima:  |b Palestra Editores,  |c 2006 
300 |a 1 recurso electrn̤ico 
506 1 |a Disponible solo en los productos indicados  |d vLex Global  |d vLex Global (Academic Edition, excluding Law Schools)  |d vLex Global (U.S. Academic Edition, Law Schools)  |d vLex Global (U.S. Academic Edition, excluding Law Schools)  |d vLex Global (Academic Edition, Law Schools) 
650 0 4 |a Derecho Mercantil y de la Empresa  |z Per︢ 
650 0 4 |a Derecho Laboral y Seguridad Social  |z Per︢ 
700 1 |a Rojas Leo, Juan F. 
700 1 |a Ramr̕ez Otero, Lorena 
740 0 |a vLex Libros (Servicio en ln̕ea) 
856 4 0 |u http://vlex.com/source/temas-actuales-derecho-empresa-24219  |z Acceso restringido 
942 |c BOOK 
999 0 |a Commercial and Business Law 
999 0 |a Labor Law and Social Security